| 000 | 00000cam 2200000zi 4500 |
| 001 | 9.955566 |
| 003 | CaOODSP |
| 005 | 20251107090804 |
| 006 | m o d f |
| 007 | cr cn||||||||| |
| 008 | 250922e202510##quc o f000 0 eng d |
| 020 | |a9780660790619 |
| 040 | |aCaOODSP|beng|erda|cCaOODSP |
| 043 | |an-cn--- |
| 086 | 1 |aAS4-45/2025E-PDF |
| 245 | 00|aNational Standard of Canada : |bCAN-ASC-3.1:2025 - plain language. |
| 264 | 1|aGatineau, QC : |bAccessibility Standards Canada = Normes d'accessibilité Canada, |cOctober 2025. |
| 264 | 4|c©2025 |
| 300 | |a1 online resource (171 pages) |
| 336 | |atext|btxt|2rdacontent |
| 337 | |acomputer|bc|2rdamedia |
| 338 | |aonline resource|bcr|2rdacarrier |
| 500 | |aIssued also in French under title: Norme nationale du Canada : CAN-ASC-3.1:2025 - langage clair. |
| 520 | |a"The goal of this Standard is to make sure that communication is relevant, findable, understandable, and usable for the intended audience. Plain language is a way to provide communication that is equitable, inclusive, and barrier-free. The focus first and always is on the intended audience for communication. Remember that a communication is in plain language if the intended audience can achieve three goals: find what they need, understand what they find and use that information"--Introduction, page 26. |
| 650 | 0|aBarrier-free design|xGovernment policy|zCanada. |
| 650 | 0|aBarrier-free design|zCanada|xPlanning. |
| 650 | 0|aPeople with disabilities|xGovernment policy|zCanada. |
| 650 | 0|aLanguage policy|zCanada. |
| 710 | 1 |aCanada. |bAccessibility Standards Canada, |eissuing body. |
| 775 | 08|tNorme nationale du Canada : |w(CaOODSP)9.955568 |
| 856 | 40|qPDF|s1.18 MB|uhttps://publications.gc.ca/collections/collection_2025/nac-asc/AS4-45-2025-eng.pdf |
| 856 | 4 |qHTML|sN/A|uhttps://accessible.canada.ca/creating-accessibility-standards/can-asc-312025-plain-language |